| 000 | 00815nas a2200289 4500 | ||
|---|---|---|---|
| 001 | BR9207651 | ||
| 003 | BR-BrBNA | ||
| 005 | 20231205093027.0 | ||
| 007 | ta | ||
| 008 | 230509b bl.|||p| |||| 00| 00por d | ||
| 040 |
_aBR-BrBNA _bpor _cBiblioteca Nacional de Agricultura |
||
| 041 | _a(Pt) | ||
| 072 | _aF04 | ||
| 100 | 1 | _aBonomi, A. | |
| 100 | 1 | _aBarral, M.F. | |
| 100 | 1 | _aKoshimizu, L.H. | |
| 100 | 1 | _aMantelatto, P.E. | |
| 100 | 1 | _aOhba, M.S. | |
| 100 | 1 | _aAfonso, M. | |
| 245 | 1 | _aDesenvolvimento tecnologico para a producao industrial de Rhizobium japonicum | |
| 650 | _aSOJA | ||
| 650 | _aFERTILIZANTE | ||
| 650 | _aPRODUCAO | ||
| 773 | 0 |
_tFertilizantes (Brazil) _xISSN 0100-6274 _g(Jul 1986), v. 8(1) p. 3-7 _wBR9207651 |
|
| 909 |
_a202311 _bLúcia _c55 _dLúcia Elande |
||
| 942 |
_2AGRIS _n0 _cANA |
||
| 999 |
_c135735 _d135735 |
||